LEADER 01386nam a2200241 i 4500 001 000000223389 003 CaOOAMICUS 005 20131011000000.0 008 131011s1999 it u000 u mul u 013 $a202286 040 $aSeMil$bita 100 1 $aChouraqui, André,$d<1917-2007>.$0(OLS)http://semarc/name/5373 245 13$aIl dialogo fra gli universi culturali e i suoi orizzonti di pace :$bdiscorso per il conferimento del Premio, Torino, 23 marzo 1999 /$cAndré Chouraqui. 246 01$aLe dialogue entre les univers culturels et ses horizons de paix 260 $aTorino :$bFondazione Giovanni Agnelli,$c1999. 300 $a29 p. ;$c22 cm. 500 $aIn testa al front : Premio Senatore Giovanni Agnelli per il Dialogo fra gli universi culturali. - Testo in lingua originale a fronte. 650 4$aPremio internazionale Giovanni Agnelli.$0(OLS)http://semarc/subject/40901 850 $aSeMil 852 $aSeMil$W1$xVenegono$y1$m5D X 25/27$j173735$B173735$CSeMilBibl$Z2$F184026 $81 996 $6245$aIl dialogo fra gli universi culturali e i suoi orizzonti di pace :$bdiscorso per il conferimento del Premio, Torino, 23 marzo 1999$9(OLS)http://semarc/title/320350 996 $6246$aLe dialogue entre les univers culturels et ses horizons de paix$9(OLS)http://semarc/title/320351 996 $6260$aTorino :$bFondazione Giovanni Agnelli$9(OLS)http://semarc/publisher/33072 LEADER 01583nam a2200253 i 4500 001 000000016504 003 CaOOAMICUS 005 20180830125443.0 008 180830s2006 it u000 u ita u 020 $a88-7839-057-7 040 $aSeMil$bita 100 1 $aTromp, Sebastiaan Peter Cornelis .$0(OLS)http://semarc/name/7600 245 10$aKonzilstagebuch :$bmit Erläuterungen und Akten aus der Arbeit der Theologischen Kommission 2. Vatikanisches Konzil = Diarium : Secretarii Commissionis Theologicae Concilii Vaticani 2 /$cSebastian Tromp ; Herausgegeben von Alexandra von Teuffenbach ; [versionem germanicam confecit Bruno Wegener ]. 246 01$aDiarium : Secretarii Commissionis Theologicae Concilii Vaticani 2 260 $aRom :$bPontificia Università Gregoriana,$c2006. 300 $a2 v. ;$c25 cm. + [2] tabelle di errata corrige. 700 1 $aWegener, Bruno.$0(OLS)http://semarc/name/7602 700 1 $aTeuffenbach, Alexandra : von.$0(OLS)http://semarc/name/7601 774 0 $t1960-1962.$gBand1$w()153887 774 0 $t1960-1962.$gBand1$w()153888 996 $6020$a88-7839-057-7$9(OLS)http://semarc/number/1067 996 $6245$aKonzilstagebuch :$bmit Erläuterungen und Akten aus der Arbeit der Theologischen Kommission 2. Vatikanisches Konzil = Diarium : Secretarii Commissionis Theologicae Concilii Vaticani 2$9(OLS)http://semarc/title/21833 996 $6246$aDiarium : Secretarii Commissionis Theologicae Concilii Vaticani 2$9(OLS)http://semarc/title/21834 996 $6260$aRom :$bPontificia Università Gregoriana$9(OLS)http://semarc/publisher/34420